Normal view
MARC view
- Congregate housing
Entry Geographic Name
001 - CONTROL NUMBER
- control field: 120528
003 - CONTROL NUMBER IDENTIFIER
- control field: NUST
005 - DATE AND TIME OF LATEST TRANSACTION
- control field: 20240215114924.0
008 - FIXED-LENGTH DATA ELEMENTS
- fixed length control field: 240215|| aca||aabn | a|a d
040 ## - CATALOGING SOURCE
- Original cataloging agency: NUST
- Transcribing agency: NUST
151 ## - HEADING--GEOGRAPHIC NAME
- Geographic name: Congregate housing
670 ## - SOURCE DATA FOUND
- Source citation: Work cat.: (NUST): Uffelen, Chris van 118865, Residential architecture for senior citizens/, 2012.
